000 01149cam a2200145 4500500
005 20260329023215.0
041 _afre
042 _adc
100 1 0 _aFrance, Jérôme
_eauthor
700 1 0 _aHurlet, Frédéric
_eauthor
245 0 0 _aInstitutions romaines : Des origines aux Sévères
260 _bArmand Colin,
_c2019.
520 _aLes institutions romaines sont la clé de compréhension d’une civilisation qui, de la Cité des origines jusqu’à l’Empire universel, a su s’adapter à des contextes et à des régimes politiques nouveaux. L’ouvrage présente en termes clairs et de façon synthétique les cadres institutionnels de la Rome antique sur plus de dix siècles (Royauté, République, Empire). L’expansion extraordinaire de l’Empire romain a imposé la mise en place de structures administratives et légales inédites, portées par les agents du pouvoir, de Rome aux plus reculées des provinces, qui pourtant ne résisteront pas aux périodes de trouble et à l'anarchie des IIe et IVe siècles.
856 4 1 _uhttps://shs.cairn.info/institutions-romaines--9782200614508?lang=fr&redirect-ssocas=7080
999 _c1925475
_d1925475